1606 1562 1101 1756 1607 1868 1799 1553 1272 1992 1944 1824 1810 1080 1054 1866 1024 1277 1479 1020 1556 1959 1930 1228 1952 1670 1034 1404 1382 1349 1649 1095 1643 1800 1405 1207 1707 1317 1678 1839 1766 1525 1003 1645 1413 1822 1209 1736 1289 1973 1354 1657 1345 1699 1519 1653 1046 1084 1106 1435 1724 1582 1173 1785 1853 1158 1938 1268 1789 1306 1504 1593 1136 1601 1407 1763 1293 1064 1662 1930 1606 1721 1903 1827 1956 2000 1092 1010 1271 1472 1647 1810 1579 1407 1723 1755 1424 1872 1465 BCNSPRNW ULIB Ver.6.0+V

เปลี่ยนเป็นภาษาไทย

Change to English
 แสดงรายละเอียดบรรณานุกรม
  กลับหน้าหลัก

Brief Record : Get Marc (ISO 2709) : E-mail record : QR code < ปิดหน้าต่าง
LEADER : 00000nam 2200000uu 4500
001    13399126597
003     ULIB
008    020711s2560 th a 000 0 tha d
020    ^a9786165470964
050    ^aPE1114^bส779A
100    ^aสุทิน พูลสวัสดิ์
245    ^aANCHOR CU-TEP (1 BK./1 CD-ROM) (รูปแบบ MP3)/^cสุทิน พูลสวัสดิ์
260    ^aกรุงเทพฯ :^bศูนย์หนังสือ ที.จี.อาร์.อี.,^c2560
300    ^a272 หน้า;^b26 ซม.
650    ^aภาษาอังกฤษ^xข้อสอบและเฉลย
650    ^aมหาวิทยาลัย^xข้อสอบและเฉลย
945    ^p420^l0^i004792
945    ^p420^l0^i006307
999    ^aประนอม เกษจรัล
รายการนี้ยังไม่มีแท็ก
คุณยังไม่ได้ล็อกอิน คุณสามารถมีกิจกรรมร่วมกับเว็บไซต์ได้ แต่ต้องล็อกอินก่อน ::
  ล็อกอิน

รายการสื่อสารสนเทศ

ลำดับที่ ประเภท เลขเรียก/บาร์โค้ด สถานที่ สถานะ
1. การศึกษาทั่วไป
หนังสือสำรอง
สถานะ=หนังสือสำรอง
PE1114 ส779A ฉ.1 
  Barcode: 004792
ห้องสมุดวิทยาเขตสวรรค์ประชารักษ์
►หนังสือทั่วไป
บนชั้น
2. การศึกษาทั่วไป
การศึกษาทั่วไป
PE1114 ส779A ฉ.2 
  Barcode: 006307
ห้องสมุดวิทยาเขตสวรรค์ประชารักษ์
►หนังสือทั่วไป
บนชั้น

รายการใกล้เคียง
    ผู้แต่ง [สุทิน พูลสวัสดิ์]

BibComment


ยังไม่เคยถูกคอมเมนท์

คอมเมนท์ทรัพยากรรายการนี้
  คอมเมนท์: ANCHOR CUTEP 1 B..


 Copyright 2026. Bcnsprnw @Library